Detalles MARC
| 000 -CABECERA |
| campo de control de longitud fija |
00931nam a2200229 a 4500 |
| 001 - NÚMERO DE CONTROL |
| campo de control |
000025531 |
| 005 - FECHA Y HORA DE LA ÚLTIMA TRANSACCIÓN |
| campo de control |
20200930023845.0 |
| 008 - DATOS DE LONGITUD FIJA--INFORMACIÓN GENERAL |
| campo de control de longitud fija |
110217s1988 sp ac r 000 0 spa d |
| 020 ## - NÚMERO INTERNACIONAL ESTÁNDAR DEL LIBRO |
| Número Internacional Estándar del Libro |
8429118349 |
| 040 ## - FUENTE DE LA CATALOGACIÓN |
| Centro catalogador/agencia de origen |
DO-SdBNP |
| Lengua de catalogación |
spa |
| Centro/agencia transcriptor |
BNPHU |
| 041 17 - CÓDIGO DE LENGUA |
| Código de lengua del texto/banda sonora o título independiente |
spa |
| Código de lengua original |
eng |
| Fuente del código |
Código de idioma MARC |
| 082 ## - NÚMERO DE LA CLASIFICACIÓN DECIMAL DEWEY |
| Número de clasificación |
NNN |
| Número de documento/Ítem |
M123p |
| 049 ## - FONDOS LOCALES (OCLC) |
| Fondos de biblioteca |
BNGR |
| 100 1# - ENTRADA PRINCIPAL--NOMBRE DE PERSONA |
| Nombre de persona |
McCarty, Maclyn, |
| Fechas asociadas al nombre |
1911-2005 |
| 9 (RLIN) |
52185 |
| 240 10 - TÍTULO UNIFORME |
| Título uniforme |
The transforming principle : discovering that genes are made of DNA |
| Lenguaje de la obra |
Español. |
| 245 10 - MENCIÓN DE TÍTULO |
| Título |
El principio transformador : |
| Resto del título |
cómo se descubrió que los genes están hechos de DNA / |
| Mención de responsabilidad, etc. |
Maclyn McCarty ; versión española por Juan Areal Calama. |
| 260 ## - PUBLICACIÓN, DISTRIBUCIÓN, ETC. |
| Lugar de publicación, distribución, etc. |
Barcelona : |
| Nombre del editor, distribuidor, etc. |
Reverté, |
| Fecha de publicación, distribución, etc. |
1988. |
| 300 ## - DESCRIPCIÓN FÍSICA |
| Extensión |
VIII, 179 p. : |
| Otras características físicas |
il., rtres. ; |
| Dimensiones |
22 cm. |
| 534 ## - NOTA SOBRE LA VERSIÓN ORIGINAL |
| Encabezamiento principal del original |
Título original: |
| Mención de título del original |
The transforming principle : discovering that genes are made of DNA |
| 504 ## - NOTA DE BIBLIOGRAFÍA, ETC. |
| Nota de bibliografía, etc. |
Incluye bibliografía (p. 167-171) |
| 700 1# - PUNTO DE ACCESO ADICIONAL--NOMBRE DE PERSONA |
| Nombre de persona |
Areal Calama, Juan, |
| Término indicativo de función/relación |
tr. |
| 9 (RLIN) |
52186 |